000
00322nam a2200133 a 4500
005
20140414131917.0
008
101019s19uu xx 00 eng d
050
_a
ER
_b
B26 2004
100
_a
Lee, Quinlan
245
_a
Barney look at me!.
260
_a
New York :
_b
Scholastic ,
_c
2004.
440
_a
999
_c
111527
_d
111527